Introduction to econometrics / (Record no. 8600)

MARC details
000 -LEADER
fixed length control field 01525nam a22002177a 4500
003 - CONTROL NUMBER IDENTIFIER
control field OSt
005 - DATE AND TIME OF LATEST TRANSACTION
control field 20220712103913.0
008 - FIXED-LENGTH DATA ELEMENTS--GENERAL INFORMATION
fixed length control field 140619b xxu||||| |||| 00| 0 eng d
020 ## - INTERNATIONAL STANDARD BOOK NUMBER
International Standard Book Number 9781408093757
040 ## - CATALOGING SOURCE
Transcribing agency LC
050 ## - LIBRARY OF CONGRESS CALL NUMBER
Classification number HB139.W87
100 ## - MAIN ENTRY--PERSONAL NAME
Fuller form of name Wooldridge, Jeffery M.
245 ## - TITLE STATEMENT
Title Introduction to econometrics /
Statement of responsibility, etc. Jeffrey M. Wooldridge.
250 ## - EDITION STATEMENT
Edition statement Europe, Middle East, & Africa ed.
260 ## - PUBLICATION, DISTRIBUTION, ETC.
Place of publication, distribution, etc. London :
Name of publisher, distributor, etc. Cengage Learning EMEA,
Date of publication, distribution, etc. 2014.
300 ## - PHYSICAL DESCRIPTION
Extent xvii, 603 p.:
Other physical details ill.:
500 ## - GENERAL NOTE
General note Includes bibliographic references, glossary and index.
505 ## - FORMATTED CONTENTS NOTE
Formatted contents note Contents: The nature of econometrics and economic data -- The simple regression model -- Multiple regression analysis; estimation -- Multiple regression analysis: inference -- Multiple regression analysis: OLS asymtotics -- Multiple regression analysis: further issues -- Multiple regression analysis with qualitative information: binary (or dummy) variables -- Heteroskedasticity -- More on specification and data issues -- Basic regression analysis with time series data -- Further issues in using OLS with time series data -- Serial correlation and hetoroskedasticity in time series regressions -- Pooling cross sections across time -- Advanced panel data methods -- Instrumental variables estimation an two stage least squares -- Simultaneous equations models -- Limited dependent variable models and sample selection corrections -- Advanced time series topics -- Carrying out an empirical project.
653 ## - INDEX TERM--UNCONTROLLED
Uncontrolled term Econometrics
942 ## - ADDED ENTRY ELEMENTS (KOHA)
Source of classification or shelving scheme Library of Congress Classification
Koha item type Books
Holdings
Withdrawn status Lost status Source of classification or shelving scheme Damaged status Not for loan Home library Current library Shelving location Date acquired Full call number Barcode Date last seen Copy number Price effective from Koha item type
    Library of Congress Classification     WISCONSIN INTERNATIONAL UNIVERSITY COLLEGE, GHANA - MAIN LIBRARY WISCONSIN INTERNATIONAL UNIVERSITY COLLEGE, GHANA - MAIN LIBRARY Reference 02/02/2022 HB139.W87 8975/426/22 02/02/2022 1 02/02/2022 Books
    Library of Congress Classification     WISCONSIN INTERNATIONAL UNIVERSITY COLLEGE, GHANA - MAIN LIBRARY WISCONSIN INTERNATIONAL UNIVERSITY COLLEGE, GHANA - MAIN LIBRARY Reference 02/02/2022 HB139.W871 8976/427/22 02/02/2022 2 02/02/2022 Books
    Library of Congress Classification     WISCONSIN INTERNATIONAL UNIVERSITY COLLEGE, GHANA - MAIN LIBRARY WISCONSIN INTERNATIONAL UNIVERSITY COLLEGE, GHANA - MAIN LIBRARY Reference 02/02/2022 HB139.W872 8977/428/22 02/02/2022 3 02/02/2022 Books

If you have any concerns or questions; kindly contact the library


© Powered by WIUC ICT DIRECTORATE